Statistics for Countries With IKEA Stores

Click here to take the quiz!

General Stats

  • This quiz has been taken 784 times
  • The average score is 53 of 57

Answer Stats

DateFirst LocationCountry% Correct
1958ÄlmhultSweden
100%
1987ChesireUnited Kingdom
100%
1998ShanghaiChina
99%
1974EchingGermany
99%
1963SlependenNorway
99%
1990WarsawPoland
99%
1980Las PalmasSpain
99%
2020KyivUkraine
99%
1969BallerupDenmark
98%
1996EspooFinland
98%
1990BudapestHungary
98%
1981ReykjavíkIceland
98%
1974NagoyaJapan
98%
2020Mexico CityMexico
98%
1992BratislavaSlovakia
98%
2005IstanbulTurkey
98%
1985Plymouth MeetingUnited States
98%
2011SofiaBulgaria
97%
2014ZagrebCroatia
97%
2013CairoEgypt
97%
2019TallinnEstonia
97%
2001ThessalonikiGreece
97%
2018RigaLatvia
97%
2013VilniusLithuania
97%
2021LjubljanaSlovenia
97%
1991DubaiUnited Arab Emirates
97%
1984Kuwait CityKuwait
96%
2007BucharestRomania
96%
1991BelgradeSerbia
96%
2011BangkokThailand
96%
1977VösendorfAustria
95%
2022SantiagoChile
95%
2018HyderabadIndia
95%
1983JeddahSaudi Arabia
95%
1994TaipeiTaiwan
95%
1976DartmouthCanada
94%
1989Cinisello BalsamoItaly
94%
2016CasablancaMorocco
94%
1978SliedrechtNetherlands
94%
2008BallymunIreland
93%
2013DohaQatar
93%
1973SpreitenbachSwitzerland
93%
1984Zaventem and TernatBelgium
92%
1981BobignyFrance
92%
1991BudějovickáCzech Republic
90%
2004AlfragidePortugal
90%
2014GwangmyeongSouth Korea
90%
2014AmmanJordan
89%
2014TangerangIndonesia
86%
2010Santo DomingoDominican Republic
83%
2001NetanyaIsrael
83%
1975ArtarmonAustralia
82%
1996Bandar UtamaMalaysia
82%
2007StrovolosCyprus
72%
2021PasayPhilippines
70%
1978Bukit TimahSingapore
69%
2018SalmabadBahrain
56%

Score Distribution

Percentile by Number Answered

Percent of People with Each Score

Your Score History

You have not taken this quiz